Click the South American Country on a Borderless Map - Statistics

General Stats
  • This quiz has been taken 922 times
  • The average score is 11 of 14
Answers on the Map
Answers color-coded by a green-red scale on the quiz's map according to % correct below.
 
Answer Stats
Answer % Correct
Brazil
93%
Argentina
90%
Chile
89%
Peru
87%
Venezuela
85%
Falkland Islands (UK)
82%
Colombia
81%
Bolivia
79%
Uruguay
79%
Ecuador
78%
Paraguay
76%
Suriname
75%
Guyana
73%
French Guiana
71%
No matching quizzes found
Score Distribution
Percent of People with Each Score
Percentile by Number Answered
Your Score History
You have not taken this quiz